<?xml version="1.0" encoding="UTF-8"?>
<record
    xmlns:xsi="http://www.w3.org/2001/XMLSchema-instance"
    xsi:schemaLocation="http://www.loc.gov/MARC21/slim http://www.loc.gov/standards/marcxml/schema/MARC21slim.xsd"
    xmlns="http://www.loc.gov/MARC21/slim">

  <leader>02363nam a22003137u 4500</leader>
  <controlfield tag="001">pwiiw7261</controlfield>
  <controlfield tag="003">OSt</controlfield>
  <controlfield tag="005">20260516120037.0</controlfield>
  <controlfield tag="008">250318t2025    au ||||| |||| 00| ||eng d</controlfield>
  <datafield tag="040" ind1=" " ind2=" ">
    <subfield code="c">OSt</subfield>
  </datafield>
  <datafield tag="041" ind1=" " ind2=" ">
    <subfield code="a">eng</subfield>
  </datafield>
  <datafield tag="084" ind1=" " ind2=" ">
    <subfield code="a">Q4</subfield>
    <subfield code="2">jelc</subfield>
  </datafield>
  <datafield tag="100" ind1="1" ind2=" ">
    <subfield code="a">Astrov, Vasily</subfield>
  </datafield>
  <datafield tag="245" ind1="1" ind2="0">
    <subfield code="a">The European gas market: Emancipating from Russia</subfield>
  </datafield>
  <datafield tag="260" ind1=" " ind2=" ">
    <subfield code="a">Wien :</subfield>
    <subfield code="b">Wiener Institut f&#xFC;r Internationale Wirtschaftsvergleiche (wiiw),</subfield>
    <subfield code="c">2025.</subfield>
  </datafield>
  <datafield tag="300" ind1=" " ind2=" ">
    <subfield code="a">21 S., </subfield>
    <subfield code="b">7 Figures and 1 Box,</subfield>
    <subfield code="c">30cm.</subfield>
  </datafield>
  <datafield tag="490" ind1="1" ind2=" ">
    <subfield code="a">wiiw Policy Notes and Reports</subfield>
    <subfield code="v">91</subfield>
  </datafield>
  <datafield tag="520" ind1=" " ind2=" ">
    <subfield code="a">Despite the formal absence of sanctions, gas trade between Russia and the EU has effectively collapsed over the past three and a half years. This has been the outcome of several factors: the EU strategy of reducing dependence on Russian gas, Russia&#x2019;s own supply cuts, physical damage to the crucial pipeline infrastructure and Ukraine&#x2019;s reluctance to prolong the gas transit contract. The resulting shock of reduced Russian supplies has primarily been absorbed via energy savings, while gas imports from other countries have increased only insignificantly. The case studies of three Central European EU member states: Slovakia, Czechia and Hungary &#x2013; which had all been highly dependent on Russian gas before the start of the war in Ukraine but have adopted very different diversification strategies over the past few years &#x2013; suggest that the negative effects from reduced Russian supplies could be minimised through the precautionary measures taken and also because of the interconnected nature of these countries&#x2019; gas networks with those of other EU countries. Of the four main pipelines that used to bring Russian gas to Europe before the war, only TurkStream remains in operation, although its future is also potentially uncertain. Against this background, European countries would be well advised to expand their gas storage capacities in order to cushion themselves from any future supply shocks and reduce dependence on short-term price fluctuations.
</subfield>
  </datafield>
  <datafield tag="650" ind1=" " ind2=" ">
    <subfield code="a">gas dependency</subfield>
  </datafield>
  <datafield tag="650" ind1=" " ind2=" ">
    <subfield code="a">energy consumption</subfield>
  </datafield>
  <datafield tag="650" ind1=" " ind2=" ">
    <subfield code="a">gas storage</subfield>
  </datafield>
  <datafield tag="651" ind1=" " ind2=" ">
    <subfield code="a">European Union</subfield>
  </datafield>
  <datafield tag="651" ind1=" " ind2=" ">
    <subfield code="a">Russia</subfield>
  </datafield>
  <datafield tag="690" ind1=" " ind2=" ">
    <subfield code="a">Sectoral studies</subfield>
  </datafield>
  <datafield tag="700" ind1="1" ind2=" ">
    <subfield code="a">Hanzl-Weiss, Doris</subfield>
  </datafield>
  <datafield tag="830" ind1=" " ind2="0">
    <subfield code="v">91</subfield>
    <subfield code="w">WIIW0000092</subfield>
    <subfield code="t">wiiw Policy Notes and Reports</subfield>
  </datafield>
  <datafield tag="856" ind1="4" ind2="0">
    <subfield code="u">https://wiiw.ac.at/p-7261.html</subfield>
  </datafield>
  <datafield tag="942" ind1=" " ind2=" ">
    <subfield code="c">P</subfield>
  </datafield>
  <datafield tag="999" ind1=" " ind2=" ">
    <subfield code="c">9114</subfield>
    <subfield code="d">9114</subfield>
  </datafield>
  <datafield tag="952" ind1=" " ind2=" ">
    <subfield code="0">0</subfield>
    <subfield code="1">0</subfield>
    <subfield code="4">0</subfield>
    <subfield code="7">0</subfield>
    <subfield code="a">BIB</subfield>
    <subfield code="b">BIB</subfield>
    <subfield code="c">1</subfield>
    <subfield code="d">2025-03-18</subfield>
    <subfield code="i">pwiiw7261</subfield>
    <subfield code="l">0</subfield>
    <subfield code="o">91</subfield>
    <subfield code="p">1000010007261</subfield>
    <subfield code="r">2025-03-18 00:00:00</subfield>
    <subfield code="w">2025-04-07</subfield>
    <subfield code="y">P</subfield>
  </datafield>
</record>
